[Event "4. Wittelsbacher Weihnachts-Schach-Open"]
[Site "Kelheim"]
[Date "2015.12.27"]
[Round "1.1"]
[White "Belezky, Alexander"]
[Black "Simon, Günther"]
[Result "1-0"]
[WhiteElo "2463"]
[BlackElo "1901"]
[PlyCount "63"]
[EventDate "2015.??.??"]
[WhiteTeam "FC Bayern München"]
[BlackTeam "Regensburger Turnerschaft"]

1. Nf3 Nf6 2. g3 g6 3. Bg2 Bg7 4. d3 c6 5. e4 d6 6. O-O Qc7 7. a4 O-O 8. a5 e5
9. Nbd2 Re8 10. Nc4 Nbd7 11. Nfd2 Rb8 12. Ne3 Nc5 13. f4 b5 14. f5 a6 15. Kh1
Bb7 16. g4 Rbd8 17. Bf3 Kh8 18. g5 Ng8 19. b4 Na4 20. f6 Bf8 21. c4 d5 22. c5
Nc3 23. Qc2 dxe4 24. dxe4 Na4 25. Bg4 Bc8 26. Nf3 Rd4 27. Bxc8 Rxc8 28. Nxd4
exd4 29. Ng4 Rd8 30. Bf4 Qd7 31. Ne5 Qe6 32. Qa2 1-0

[Event "4. Wittelsbacher Weihnachts-Schach-Open"]
[Site "Kelheim"]
[Date "2015.12.27"]
[Round "1.2"]
[White "Bodenschatz, Josef"]
[Black "Hacker, Jonas"]
[Result "0-1"]
[WhiteElo "2005"]
[BlackElo "2357"]
[PlyCount "112"]
[EventDate "2015.??.??"]
[WhiteTeam "TSV Kirchenlaibach"]
[BlackTeam "SC Eppingen"]

1. f4 g6 2. Nf3 Bg7 3. Nc3 c5 4. e4 d6 5. Bb5+ Bd7 6. Bxd7+ Qxd7 7. O-O Nc6 8.
d3 Nf6 9. a3 Rc8 10. Nd5 Nxd5 11. exd5 Nd4 12. c4 Nf5 13. Rb1 b5 14. b3 h5 15.
Qe2 Bd4+ 16. Nxd4 Nxd4 17. Qe4 Nf5 18. Bb2 O-O 19. Bc3 bxc4 20. dxc4 Rc7 21.
Rfe1 Rb8 22. Qc2 Qc8 23. h3 h4 24. Ba5 Rcb7 25. b4 Qf8 26. b5 Qh6 27. Qd2 Re8
28. a4 e6 29. Bc3 e5 30. fxe5 Qxd2 31. Bxd2 dxe5 32. Rbc1 f6 33. Rc3 Kg7 34.
Kh2 g5 35. Rf1 Nd6 36. Be3 Kg6 37. Rc2 Rc8 38. Bf2 f5 39. Re1 e4 40. a5 f4 41.
Rb1 e3 42. Be1 a6 43. b6 Re8 44. Bc3 Re4 45. Be1 Kf5 46. Rbc1 Rd4 47. Kg1 Re7
48. Kf1 Rh7 49. Rb1 Nb7 50. Rbc1 g4 51. Ke2 Ke4 52. hxg4 h3 53. gxh3 Rxh3 54.
Kf1 f3 55. Kg1 f2+ 56. Bxf2 Kf3 0-1

[Event "4. Wittelsbacher Weihnachts-Schach-Open"]
[Site "Kelheim"]
[Date "2015.12.27"]
[Round "1.3"]
[White "Kreuzer, Martin"]
[Black "Gabler, Eric"]
[Result "1-0"]
[WhiteElo "2334"]
[BlackElo "1919"]
[PlyCount "71"]
[EventDate "2015.??.??"]
[WhiteTeam "SK Kelheim"]
[BlackTeam "TV Geiselhöring"]

1. e4 e5 2. Nf3 Nc6 3. Bc4 Nf6 4. d3 Bc5 5. O-O d6 6. c3 Bb6 7. Bb3 h6 8. h3 g5
9. Nh2 Ne7 10. d4 Ng6 11. dxe5 Nxe5 12. Be3 Rg8 13. Bxb6 axb6 14. Nd2 g4 15. h4
Nh5 16. g3 Qf6 17. Qe2 Bd7 18. a4 Ke7 19. Qe3 Rg7 20. Nc4 Bc6 21. Nxe5 Qxe5 22.
Rfe1 Re8 23. Bc2 Rg6 24. b4 Nf6 25. a5 b5 26. a6 b6 27. a7 Kf8 28. Nf1 d5 29.
Nd2 dxe4 30. Nxe4 Nd5 31. Qd2 Rge6 32. Kh2 f5 33. Nc5 Qxe1 34. Rxe1 Rxe1 35.
Qxh6+ Ke7 36. Qxc6 1-0

[Event "4. Wittelsbacher Weihnachts-Schach-Open"]
[Site "Kelheim"]
[Date "2015.12.27"]
[Round "1.4"]
[White "Santl, Anton"]
[Black "Promyshlyanskyy, Vitaliy"]
[Result "0-1"]
[WhiteElo "1969"]
[BlackElo "2244"]
[PlyCount "54"]
[EventDate "2015.??.??"]
[WhiteTeam "SU München"]
[BlackTeam "SC Noris-Tarrasch Nürnberg"]

1. d4 Nf6 2. c4 Nc6 3. d5 Ne5 4. e4 Ng6 5. Nc3 e5 6. Be3 Bb4 7. f3 Qe7 8. Nge2
Bc5 9. Qd2 a5 10. Nb5 Bxe3 11. Qxe3 d6 12. O-O-O O-O 13. g3 Rd8 14. Kb1 c6 15.
Nbc3 a4 16. a3 Bd7 17. Nc1 Rdb8 18. Be2 cxd5 19. Rxd5 Nxd5 20. Nxd5 Qd8 21. Nb6
Ra5 22. Rd1 Bc6 23. b4 axb3 24. Nxb3 Rc5 25. Rxd6 Qxb6 26. Ka2 Rb5 27. Qxb6
Rxb6 0-1

[Event "4. Wittelsbacher Weihnachts-Schach-Open"]
[Site "Kelheim"]
[Date "2015.12.27"]
[Round "1.5"]
[White "Gießmann, Stephan"]
[Black "Lutzky, Manfred"]
[Result "1-0"]
[WhiteElo "2259"]
[BlackElo "1890"]
[PlyCount "73"]
[EventDate "2015.??.??"]
[WhiteTeam "SK Kelheim"]
[BlackTeam "SC Noris-Tarrasch Nürnberg"]

1. d4 d5 2. Bf4 Nf6 3. e3 e6 4. Bd3 Be7 5. Nf3 b6 6. Nbd2 Bb7 7. O-O O-O 8. Ne5
Nbd7 9. Qf3 c5 10. c3 Re8 11. g4 Bf8 12. Bg5 Qc7 13. Bxf6 Nxf6 14. g5 Ne4 15.
Nxe4 dxe4 16. Bxe4 Bxe4 17. Qxe4 f6 18. Nf3 Bd6 19. gxf6 gxf6 20. Kh1 f5 21.
Rg1+ Kh8 22. Qh4 Rf8 23. Rg2 Qb7 24. Qh6 Rf7 25. Qxe6 Raf8 26. Qxd6 Qxf3 27.
Qe5+ Rf6 28. Kg1 Qc6 29. d5 Qe8 30. f4 Qf7 31. c4 Re8 32. Qc3 Re4 33. Kf2 h6
34. Rag1 Kh7 35. Rg8 Re7 36. Rd8 Rg6 37. Rh8# 1-0

[Event "4. Wittelsbacher Weihnachts-Schach-Open"]
[Site "Kelheim"]
[Date "2015.12.27"]
[Round "1.6"]
[White "Schmitz, Björn"]
[Black "Eibl, Maximilian"]
[Result "1-0"]
[WhiteElo "2052"]
[BlackElo "2170"]
[PlyCount "99"]
[EventDate "2015.??.??"]
[WhiteTeam "SV Saal/Donau"]
[BlackTeam "SK Kelheim"]

1. d4 Nf6 2. Nf3 g6 3. g3 Bg7 4. Bg2 O-O 5. O-O d6 6. c4 Nbd7 7. b3 c6 8. Bb2
Qc7 9. Nbd2 Re8 10. Qc2 e5 11. e3 Nf8 12. h3 h6 13. c5 dxc5 14. dxe5 N6d7 15.
Nc4 Rd8 16. Rfd1 Ne6 17. Rd2 b5 18. Nd6 Nb6 19. Rad1 Ba6 20. Ne1 c4 21. bxc4
Nxc4 22. Nxc4 bxc4 23. Rd6 Rxd6 24. exd6 Qb6 25. Bxg7 Nxg7 26. Qe4 Bb5 27. Nc2
Rd8 28. Na3 Qc5 29. Nxb5 cxb5 30. Qe7 Ne6 31. Be4 Kg7 32. Rd5 Qb4 33. Qxa7 Rxd6
34. Rxd6 Qxd6 35. Qa5 Nc7 36. Qc3+ f6 37. a4 bxa4 38. Qxc4 a3 39. Qc2 Nb5 40.
Bd3 Nc7 41. Bc4 Qc5 42. Qa4 Kf8 43. Kf1 Ke7 44. Qb3 Kd7 45. Ke2 Qh5+ 46. Ke1
Qa5+ 47. Ke2 Kc8 48. Qc2 Kb7 49. Qb3+ Ka7 50. Kd1 1-0

[Event "4. Wittelsbacher Weihnachts-Schach-Open"]
[Site "Kelheim"]
[Date "2015.12.27"]
[Round "1.7"]
[White "Amtmann, Florian"]
[Black "Schindler, Gernot"]
[Result "1-0"]
[WhiteElo "2139"]
[BlackElo "2028"]
[PlyCount "67"]
[EventDate "2015.??.??"]
[WhiteTeam "Spvgg Stetten"]
[BlackTeam "SK Kelheim"]

1. e4 c6 2. d4 d5 3. f3 dxe4 4. fxe4 e5 5. Nf3 exd4 6. Bc4 Be6 7. Bxe6 fxe6 8.
O-O Nd7 9. Ng5 Ngf6 10. Nxe6 Qb6 11. Bf4 d3+ 12. Kh1 dxc2 13. Qxc2 Rc8 14. Nc3
c5 15. Nxf8 Nxf8 16. e5 N6d7 17. Ne4 Ne6 18. Nd6+ Kd8 19. Bg3 Kc7 20. Nxc8 Kxc8
21. Rad1 Qb5 22. Rf7 Rf8 23. Rxf8+ Ndxf8 24. h3 Kb8 25. b3 a6 26. Qf5 Ka7 27.
Qf7 Qe2 28. Rd6 Qe3 29. Kh2 Qh6 30. a4 g5 31. a5 g4 32. Rb6 Nd8 33. Rxh6 Nxf7
34. Rf6 1-0

[Event "4. Wittelsbacher Weihnachts-Schach-Open"]
[Site "Kelheim"]
[Date "2015.12.27"]
[Round "1.8"]
[White "Schmid, Bernhard"]
[Black "Blodig, Constantin"]
[Result "0-1"]
[WhiteElo "1904"]
[BlackElo "2037"]
[PlyCount "94"]
[EventDate "2015.??.??"]
[WhiteTeam "SC Sinzing"]
[BlackTeam "SK Kelheim"]

1. d4 Nf6 2. c4 c5 3. d5 b5 4. cxb5 a6 5. bxa6 g6 6. Nc3 Bxa6 7. Nf3 d6 8. g3
Bg7 9. Bg2 Nbd7 10. Rb1 O-O 11. O-O Nb6 12. b3 Bb7 13. e4 Ra6 14. Re1 Nfd7 15.
Qc2 Qa8 16. Bf1 c4 17. b4 e6 18. Bf4 Bxc3 19. Qxc3 Ra3 20. Qb2 Rxf3 21. Bh6 e5
22. Bxf8 Kxf8 23. Rbc1 Ra3 24. Bxc4 Nxc4 25. Rxc4 Rxa2 26. Qb1 Qa7 27. Rc2 Rxc2
28. Qxc2 Qb6 29. Rc1 Nf6 30. Kg2 Qd4 31. f3 Kg7 32. b5 Qb6 33. Qc4 Nd7 34. Rc2
Nc5 35. Ra2 Bc8 36. Rb2 Bd7 37. Rb1 f5 38. Rb4 fxe4 39. fxe4 g5 40. Rb1 Be8 41.
g4 Bg6 42. Re1 Qd8 43. h3 Qa5 44. Re2 Qa1 45. Qb4 Qd1 46. Re1 Qc2+ 47. Kf1 Nd3
0-1

[Event "4. Wittelsbacher Weihnachts-Schach-Open"]
[Site "Kelheim"]
[Date "2015.12.27"]
[Round "1.9"]
[White "Kreuzer, Helmut"]
[Black "Brack, Johannes"]
[Result "1-0"]
[WhiteElo "2121"]
[BlackElo "1940"]
[PlyCount "47"]
[EventDate "2015.??.??"]
[WhiteTeam "SK Kelheim"]
[BlackTeam "Regensburger Turnerschaft"]

1. d4 Nf6 2. Nf3 g6 3. c3 Bg7 4. Bf4 O-O 5. Nbd2 d6 6. e4 Bg4 7. Be2 Re8 8. Qb3
Bxf3 9. Nxf3 Nbd7 10. e5 Nh5 11. e6 Nxf4 12. exf7+ Kh8 13. fxe8=Q+ Qxe8 14. Bf1
e5 15. O-O-O exd4 16. Nxd4 Nc5 17. Qc2 Qf7 18. Kb1 Re8 19. g3 Qd5 20. Bb5 c6
21. Nxc6 Qg2 22. Nd4 Rc8 23. gxf4 a6 24. Bd3 1-0

[Event "4. Wittelsbacher Weihnachts-Schach-Open"]
[Site "Kelheim"]
[Date "2015.12.27"]
[Round "1.10"]
[White "Müller, Johannes"]
[Black "Braun, Michael"]
[Result "0-1"]
[WhiteElo "1982"]
[BlackElo "2041"]
[PlyCount "72"]
[EventDate "2015.??.??"]
[WhiteTeam "SK Kelheim"]
[BlackTeam "SG Büchenbach/Roth"]

1. d4 d5 2. c4 c6 3. Nf3 Nf6 4. Nc3 e6 5. Bg5 dxc4 6. e4 b5 7. e5 h6 8. Bh4 g5
9. Nxg5 hxg5 10. Bxg5 Be7 11. Bxf6 Bxf6 12. exf6 Qxf6 13. Be2 Rh4 14. Nxb5 cxb5
15. Bf3 Rxd4 16. Qe2 Qe7 17. Bxa8 Qb4+ 18. Kf1 Rd2 19. Qe5 Qxb2 20. Qxb2 Rxb2
21. h4 c3 22. g3 b4 23. h5 Ba6+ 24. Kg2 Bd3 25. Kf3 Kf8 26. h6 Kg8 27. Ke3 Bg6
28. Be4 Bxe4 29. Kxe4 Nd7 30. Kf3 Nf6 31. Rhb1 Rxb1 32. Rxb1 a5 33. Ke2 Kh7 34.
Kd3 Kxh6 35. Kc4 Ne4 36. Rf1 Nd2+ 0-1

[Event "4. Wittelsbacher Weihnachts-Schach-Open"]
[Site "Kelheim"]
[Date "2015.12.27"]
[Round "1.11"]
[White "Ebenhöch, Daniel"]
[Black "Altmann, Jens"]
[Result "0-1"]
[WhiteElo "2041"]
[BlackElo "1988"]
[PlyCount "86"]
[EventDate "2015.??.??"]
[WhiteTeam "SK Ingolstadt"]
[BlackTeam "SF Leipzig-Südost"]

1. e4 e5 2. Nf3 Nc6 3. d4 exd4 4. Bc4 d6 5. Nxd4 Nf6 6. Nc3 Be7 7. f3 O-O 8.
Be3 Nxd4 9. Qxd4 a6 10. Bb3 c5 11. Qd2 b5 12. Bd5 Rb8 13. a3 a5 14. Ba2 c4 15.
a4 b4 16. Nb5 Be6 17. Qe2 Qc8 18. O-O d5 19. e5 Nd7 20. Bd4 Nc5 21. Bb1 Bd7 22.
Nd6 Qc6 23. Qf2 Bxd6 24. exd6 Rbc8 25. Qg3 Ne6 26. Bf2 Nc5 27. Rd1 Rfe8 28. Qg5
d4 29. Bxd4 Ne6 30. Qg3 Nxd4 31. Rxd4 c3 32. Ba2 cxb2 33. Rf1 Qxc2 34. Qf4 b3
35. Bb1 Qc5 36. h3 Qb6 37. Kh2 Rc1 38. Rdd1 Rxd1 39. Rxd1 Qe3 40. Qh4 g6 41.
Qc4 Rc8 42. Qd5 Qf4+ 43. Kh1 Rc1 0-1

[Event "4. Wittelsbacher Weihnachts-Schach-Open"]
[Site "Kelheim"]
[Date "2015.12.27"]
[Round "1.12"]
[White "Timar-Geng, Zoltan"]
[Black "Blodig, Reinhard"]
[Result "0-1"]
[WhiteElo "1929"]
[BlackElo "2155"]
[PlyCount "46"]
[EventDate "2015.??.??"]
[WhiteTeam "SV Lingen"]
[BlackTeam "TV Riedenburg"]

1. d4 Nf6 2. c4 c5 3. d5 b5 4. cxb5 a6 5. b6 e6 6. Nc3 Nxd5 7. Nxd5 exd5 8.
Qxd5 Nc6 9. Nf3 Rb8 10. Ne5 Qf6 11. Nxc6 dxc6 12. Qg5 Be7 13. Qg3 Rxb6 14. Qc7
Bd8 15. Qxc8 O-O 16. f3 Rxb2 17. Qxa6 Rb5 18. Kf2 Qxa1 19. Qxc6 Bh4+ 20. g3 Rb1
21. Bf4 Qd4+ 22. e3 Rb2+ 23. Be2 Rxe2+ 0-1

[Event "4. Wittelsbacher Weihnachts-Schach-Open"]
[Site "Kelheim"]
[Date "2015.12.27"]
[Round "1.13"]
[White "Lechermann, Markus"]
[Black "Aunkofer, Günter"]
[Result "1-0"]
[WhiteElo "2043"]
[BlackElo "1826"]
[PlyCount "91"]
[EventDate "2015.??.??"]
[WhiteTeam "MTV Ingolstadt"]
[BlackTeam "TSV Mainburg"]

1. d4 d5 2. Bf4 Bf5 3. c4 c6 4. Qb3 Qb6 5. c5 Qxb3 6. axb3 Nd7 7. b4 g6 8. e3
Bg7 9. Nf3 Ngf6 10. h3 O-O 11. b5 Rfe8 12. Nbd2 Ne4 13. b4 e5 14. Nxe5 Nxe5 15.
Bxe5 Bxe5 16. dxe5 Rxe5 17. Nf3 Re7 18. Nd4 Bd7 19. Bd3 Ng5 20. bxc6 Bxc6 21.
O-O Ne6 22. Ra3 Ree8 23. Rfa1 Nxd4 24. exd4 Kg7 25. b5 Bd7 26. Rxa7 Rxa7 27.
Rxa7 Re1+ 28. Kh2 Bc8 29. Ra8 Re8 30. c6 bxc6 31. bxc6 Kf8 32. c7 Ke7 33. Bb5
Rf8 34. Kg3 Kd6 35. Ra7 f6 36. h4 Rf7 37. Kf4 Rxc7 38. Rxc7 Kxc7 39. g4 h6 40.
g5 hxg5+ 41. hxg5 fxg5+ 42. Kxg5 Bf5 43. Be8 Kd8 44. Bxg6 Bh3 45. Kf6 Kd7 46.
Bf5+ 1-0

[Event "4. Wittelsbacher Weihnachts-Schach-Open"]
[Site "Kelheim"]
[Date "2015.12.27"]
[Round "1.14"]
[White "Frei, Robert"]
[Black "Maurer, Heinrich"]
[Result "0-1"]
[WhiteElo "1892"]
[BlackElo "2099"]
[PlyCount "57"]
[EventDate "2015.??.??"]
[WhiteTeam "TSV Mindelheim"]
[BlackTeam "SK Kelheim"]

1. e4 c5 2. c3 d6 3. d4 Nf6 4. dxc5 Nc6 5. cxd6 Nxe4 6. Bf4 Nxd6 7. Nf3 Bf5 8.
Na3 Qb6 9. Bxd6 exd6 10. Nc4 Qc7 11. Ne3 Bg6 12. Bd3 Bxd3 13. Qxd3 Ne5 14. Qe2
O-O-O 15. O-O-O Re8 16. Nd4 g6 17. f4 Nc6 18. Qf3 Kb8 19. Kb1 Nxd4 20. Rxd4 Bg7
21. Rd3 d5 22. Rhd1 Qc6 23. Qxd5 Qxd5 24. Nxd5 Re2 25. R3d2 Rhe8 26. Kc2 Kc8
27. Kd3 R2e4 28. Rc2 Kd7 29. g3 {Unleserlich} 0-1

[Event "4. Wittelsbacher Weihnachts-Schach-Open"]
[Site "Kelheim"]
[Date "2015.12.27"]
[Round "1.15"]
[White "Bader, Dominic"]
[Black "Schindler, Tobias"]
[Result "1/2-1/2"]
[WhiteElo "2092"]
[BlackElo "1748"]
[PlyCount "109"]
[EventDate "2015.??.??"]
[WhiteTeam "SG Büchenbach/Roth"]
[BlackTeam "SK Kelheim"]

1. d4 d5 2. Nf3 Nf6 3. e3 Bf5 4. Bd3 Bxd3 5. Qxd3 c6 6. O-O e6 7. b3 Nbd7 8.
Nbd2 Be7 9. Bb2 O-O 10. c4 c5 11. Ne5 cxd4 12. Bxd4 dxc4 13. Ndxc4 b5 14. Nxd7
Nxd7 15. Nd2 a6 16. Nf3 Bf6 17. Rad1 Bxd4 18. Nxd4 Nf6 19. Qe2 Qb6 20. Qf3 Rac8
21. Rc1 Nd5 22. a3 b4 23. axb4 Nxb4 24. h3 h6 25. Qe4 Rc5 26. Nf3 Rfc8 27. Rxc5
Qxc5 28. Ne5 Nd5 29. Qf3 Qe7 30. Ra1 Qa7 31. Qe2 Nb4 32. Qg4 Qe7 33. Qf4 Rc3
34. Rb1 Nd5 35. Qa4 Nb4 36. Rd1 Rc7 37. Rd7 Rxd7 38. Qxd7 Qxd7 39. Nxd7 f6 40.
Kf1 Kf7 41. Nc5 e5 42. Ke2 Ke7 43. Kd2 Kd6 44. Ne4+ Kd5 45. f3 Nc6 46. Kc3 a5
47. g4 Nd8 48. h4 Ne6 49. Ng3 Kc5 50. h5 Kd5 51. Nf5 Kc5 52. e4 Kb5 53. Nd6+
Kc5 54. Nf5 Kb5 55. Nd6+ 1/2-1/2

[Event "4. Wittelsbacher Weihnachts-Schach-Open"]
[Site "Kelheim"]
[Date "2015.12.27"]
[Round "1.16"]
[White "Bumes, Konrad"]
[Black "Goderbauer, Benedikt"]
[Result "1/2-1/2"]
[WhiteElo "2022"]
[BlackElo "1971"]
[PlyCount "84"]
[EventDate "2015.??.??"]
[WhiteTeam "SC Haar"]
[BlackTeam "SC Moosburg"]

1. d4 Nf6 2. c4 g6 3. Nc3 Bg7 4. e4 d6 5. Bd3 O-O 6. Nge2 Nc6 7. f3 e5 8. d5
Ne7 9. g4 c5 10. Ng3 Ne8 11. h4 f5 12. gxf5 gxf5 13. Nh5 f4 14. Nxg7 Nxg7 15.
h5 a6 16. Qe2 Kh8 17. Bd2 Qe8 18. Qh2 h6 19. O-O-O Bd7 20. Rdg1 b5 21. Be1 b4
22. Nd1 Qf7 23. Nf2 Ne8 24. Ng4 Bxg4 25. Rxg4 Nf6 26. Rgg1 Rg8 27. Bh4 Rxg1+
28. Rxg1 Rg8 29. Bxf6+ Qxf6 30. Rxg8+ Nxg8 31. Qh3 Qf7 32. Qh4 Qe7 33. Qg4 a5
34. Bc2 Qg5 35. Qe6 Qg1+ 36. Bd1 Qe3+ 37. Kc2 a4 38. Qxd6 b3+ 39. axb3 axb3+
40. Kb1 Qd3+ 41. Kc1 Qxc4+ 42. Kb1 Qd3+ 1/2-1/2

[Event "4. Wittelsbacher Weihnachts-Schach-Open"]
[Site "Kelheim"]
[Date "2015.12.27"]
[Round "1.17"]
[White "Wimmer, Alfred"]
[Black "Malzer, Werner"]
[Result "1-0"]
[WhiteElo "2026"]
[BlackElo "1904"]
[PlyCount "75"]
[EventDate "2015.??.??"]
[WhiteTeam "SC Moosburg"]
[BlackTeam "TSV Kirchenlaibach"]

1. d4 d5 2. c4 e6 3. Nf3 Nf6 4. g3 Be7 5. Bg2 Nbd7 6. Qc2 O-O 7. O-O Re8 8.
Nbd2 c6 9. e4 dxe4 10. Nxe4 Nxe4 11. Qxe4 Nf8 12. Be3 Qc7 13. Rfd1 Bd7 14. Ne5
Rad8 15. c5 f6 16. Nc4 Bc8 17. b4 Rd7 18. Bf4 Qd8 19. Nd6 f5 20. Qe2 Bxd6 21.
Bxd6 Ng6 22. Qc4 Kh8 23. f4 b5 24. Qb3 Bb7 25. Re1 Rxd6 26. cxd6 Qxd6 27. Qc3
Qd7 28. Qc5 Ba8 29. Rab1 Rc8 30. Re2 h6 31. Rbe1 Nf8 32. h4 Rd8 33. Rd2 h5 34.
Bf3 g6 35. Re3 Kh7 36. Ra3 Kh6 37. Rxa7 Qc8 38. Qe7 1-0

[Event "4. Wittelsbacher Weihnachts-Schach-Open"]
[Site "Kelheim"]
[Date "2015.12.27"]
[Round "1.18"]
[White "Pohl, Steffen"]
[Black "Boos, Patrick"]
[Result "0-1"]
[WhiteElo "1869"]
[BlackElo "2046"]
[PlyCount "136"]
[EventDate "2015.??.??"]
[WhiteTeam "SK Schwanstetten"]
[BlackTeam "SV Worms"]

1. e4 e6 2. b3 d5 3. Bb2 dxe4 4. Nc3 Nf6 5. g4 h6 6. Bg2 Bd7 7. Nxe4 Nxe4 8.
Bxe4 Bc6 9. Qe2 Qd6 10. Nf3 Bxe4 11. Qxe4 Qc6 12. Qxc6+ Nxc6 13. O-O-O O-O-O
14. Ne5 Nxe5 15. Bxe5 Ba3+ 16. Bb2 Bxb2+ 17. Kxb2 Rd4 18. Rhg1 Rhd8 19. d3 Rf4
20. Rdf1 Rd5 21. f3 Re5 22. Rg2 b5 23. Kc3 b4+ 24. Kd2 Ra5 25. Ke3 g5 26. Ra1
Kd7 27. c4 Re5+ 28. Kf2 Rd4 29. Rd1 Kd6 30. Rgg1 f5 31. h3 a5 32. Rge1 Rxe1 33.
Kxe1 Ke5 34. Kf2 Kf4 35. Rd2 c5 36. Rd1 Rd7 37. Rd2 Rd6 38. Rd1 e5 39. gxf5
Kxf5 40. Ke3 a4 41. bxa4 Ra6 42. Rd2 Rxa4 43. Rb2 Ra3 44. Rc2 h5 45. Re2 Rc3
46. Kd2 Ke6 47. Ke3 Rc1 48. Rh2 Kf5 49. h4 Re1+ 50. Kf2 Ra1 51. Ke3 g4 52.
fxg4+ Kxg4 53. Ke4 Kg3 54. Re2 Kxh4 55. Kxe5 Kg3 56. Kd5 h4 57. Kxc5 h3 58. d4
h2 59. Rxh2 Kxh2 60. Kxb4 Kg3 61. c5 Kf4 62. c6 Re1 63. Kb5 Ke4 64. Kb6 Kd5 65.
c7 Kd6 66. a4 Rb1+ 67. Ka7 Kxc7 68. a5 Rb5 0-1

[Event "4. Wittelsbacher Weihnachts-Schach-Open"]
[Site "Kelheim"]
[Date "2015.12.27"]
[Round "1.19"]
[White "Nies, Peter"]
[Black "Seifert, Werner"]
[Result "1-0"]
[WhiteElo "2020"]
[BlackElo "1985"]
[PlyCount "83"]
[EventDate "2015.??.??"]
[WhiteTeam "SK Gernsheim"]
[BlackTeam "SV WB Allianz München"]

1. e4 e6 2. d4 d5 3. e5 c5 4. c3 Nc6 5. Nf3 Qb6 6. a3 c4 7. Nbd2 f6 8. b3 cxb3
9. Nxb3 fxe5 10. dxe5 Bc5 11. Nxc5 Qxc5 12. Qd3 Nge7 13. a4 O-O 14. a5 d4 15.
cxd4 Qd5 16. Be2 Nf5 17. Bb2 Rd8 18. Rd1 Qxa5+ 19. Bc3 Qd5 20. O-O h6 21. g4
Nfe7 22. Nh4 Qd7 23. Qe4 Nd5 24. Bd2 Ndb4 25. Be3 Qd5 26. Qg6 Ne7 27. Qb1 a5
28. Rd2 Bd7 29. Bf3 Qb5 30. Rc1 Bc6 31. Rc5 Qa6 32. Be2 b5 33. Ng6 Nxg6 34.
Qxg6 Be8 35. Qb1 Rac8 36. Qe4 Rxc5 37. dxc5 Rxd2 38. Bxd2 Bc6 39. Qg6 Bd5 40.
Bxb4 axb4 41. Qe8+ Kh7 42. Bd3+ 1-0

[Event "4. Wittelsbacher Weihnachts-Schach-Open"]
[Site "Kelheim"]
[Date "2015.12.27"]
[Round "1.20"]
[White "Hildenbrand, Andreas"]
[Black "Seitner, Ralf"]
[Result "0-1"]
[WhiteElo "1828"]
[BlackElo "2057"]
[PlyCount "113"]
[EventDate "2015.??.??"]
[WhiteTeam "SK Garmisch-Partenkirch."]
[BlackTeam "SK Ingolstadt"]

1. e4 Nf6 2. Nc3 d5 3. e5 Nfd7 4. d4 e6 5. a3 c5 6. f4 Nc6 7. Nf3 a6 8. Ne2 Be7
9. Ng3 cxd4 10. Nxd4 Nxd4 11. Qxd4 O-O 12. b4 f6 13. Be2 fxe5 14. fxe5 Nxe5 15.
Be3 Nc6 16. Qb6 d4 17. Qxd8 Bxd8 18. Bd2 Bh4 19. O-O-O Bd7 20. Ne4 Be7 21. Rhf1
Rac8 22. Bg5 Rxf1 23. Rxf1 Bf8 24. Bf4 a5 25. Bd6 axb4 26. Rxf8+ Rxf8 27. Bxf8
Kxf8 28. axb4 Nxb4 29. Nc5 Ke7 30. Nxb7 Ba4 31. Bd1 Bc6 32. Bf3 Bxf3 33. gxf3
Kf6 34. Kd2 Nd5 35. Nc5 Kf5 36. Ke2 e5 37. Kd2 Kf4 38. Nd7 Ne3 39. c3 dxc3+ 40.
Kxc3 Nf1 41. h4 h5 42. Kd3 Nh2 43. Nc5 Kxf3 44. Ne6 e4+ 45. Kd2 e3+ 46. Ke1 e2
47. Nxg7 Ke3 48. Nf5+ Kd3 49. Nd4 Kxd4 50. Kxe2 Ke4 51. Kf2 Kf4 52. Kg2 Nf3 53.
Kh3 Ne5 54. Kh2 Kg4 55. Kh1 Nf3 56. Kg2 Nxh4+ 57. Kh2 0-1

[Event "4. Wittelsbacher Weihnachts-Schach-Open"]
[Site "Kelheim"]
[Date "2015.12.27"]
[Round "1.21"]
[White "Lutter, Maximilian"]
[Black "Specht, Helmut"]
[Result "0-1"]
[WhiteElo "1887"]
[BlackElo "1988"]
[PlyCount "116"]
[EventDate "2015.??.??"]
[WhiteTeam "SK Neumarkt"]
[BlackTeam "TSV Mindelheim"]

1. d4 d5 2. c4 e6 3. Nc3 Nf6 4. Nf3 Be7 5. Bf4 O-O 6. e3 c5 7. dxc5 Bxc5 8. a3
dxc4 9. Bxc4 a6 10. Qxd8 Rxd8 11. Na4 Ba7 12. Bc7 Re8 13. Nb6 Bxb6 14. Bxb6
Nbd7 15. Ba5 b5 16. Ba2 Bb7 17. Rc1 Rac8 18. Ke2 Rxc1 19. Rxc1 Rc8 20. Rxc8+
Bxc8 21. Nd4 Bb7 22. f3 Ne5 23. Bd2 Kf8 24. e4 Ke7 25. g4 Nc6 26. Nxc6+ Bxc6
27. h4 Nd7 28. Bc3 f6 29. Bb4+ Kf7 30. Ke3 Ne5 31. b3 g6 32. Bb1 Nd7 33. Bc2 e5
34. Bc3 Ke6 35. g5 Bb7 36. Ba5 Ke7 37. f4 exf4+ 38. Kxf4 Ke6 39. Bc3 Kf7 40.
Bd4 fxg5+ 41. hxg5 Ke7 42. b4 Nf8 43. Bc5+ Ke8 44. Bb3 Nd7 45. Bg8 Nxc5 46.
bxc5 Kf8 47. Bd5 Bc8 48. Ke5 Ke7 49. Bg8 a5 50. Bxh7 Kf7 51. Kd6 b4 52. axb4
axb4 53. e5 b3 54. e6+ Bxe6 55. Bxg6+ Kxg6 56. Kxe6 b2 57. c6 b1=Q 58. c7 Qf5+
0-1

[Event "4. Wittelsbacher Weihnachts-Schach-Open"]
[Site "Kelheim"]
[Date "2015.12.27"]
[Round "1.22"]
[White "Loebel, Petra"]
[Black "Weigert, Wilhelm"]
[Result "1/2-1/2"]
[WhiteElo "1852"]
[BlackElo "2044"]
[PlyCount "93"]
[EventDate "2015.??.??"]
[WhiteTeam "SC Noris-Tarrasch Nürnberg"]
[BlackTeam "Post Regensburg"]

1. e4 d6 2. Nc3 g6 3. g3 Bg7 4. Bg2 Nf6 5. d3 c6 6. h3 b5 7. Be3 b4 8. Nce2 Bb7
9. Qd2 a5 10. Nf3 Nbd7 11. O-O O-O 12. Bh6 Qb6 13. Kh2 e5 14. Qe3 c5 15. Nd2 d5
16. Bxg7 Kxg7 17. Ng1 Rae8 18. Rae1 dxe4 19. Nxe4 Nd5 20. Qe2 Qc7 21. Nd2 N7f6
22. Nc4 Nf4 23. gxf4 exf4 24. Qxe8 Rxe8 25. Bxb7 Rxe1 26. Rxe1 Qxb7 27. Re5 Qc7
28. Nf3 h6 29. Kg2 g5 30. b3 Nd7 31. Re7 Kf8 32. Re4 f6 33. Re6 h5 34. Nd6 g4
35. hxg4 hxg4 36. Nh4 Qc6+ 37. Kg1 Kg8 38. Nhf5 Qf3 39. Re8+ Nf8 40. Ne7+ Kh7
41. Rxf8 Qd1+ 42. Kh2 g3+ 43. Kg2 gxf2 44. Rf7+ Kh6 45. Ndf5+ Kg5 46. Rg7+ Kh5
47. Rh7+ 1/2-1/2

[Event "4. Wittelsbacher Weihnachts-Schach-Open"]
[Site "Kelheim"]
[Date "2015.12.27"]
[Round "1.23"]
[White "Taube, Hubertus"]
[Black "Grasser, Martin"]
[Result "1-0"]
[WhiteElo "2041"]
[BlackElo "1902"]
[PlyCount "71"]
[EventDate "2015.??.??"]
[WhiteTeam "SK Neuperlach"]
[BlackTeam "Regensburger Turnerschaft"]

1. d4 d5 2. c4 e6 3. Nc3 f5 4. Nf3 c6 5. e3 Nf6 6. Ne5 Nbd7 7. f4 Be7 8. Bd2
O-O 9. Bd3 Ne4 10. O-O Ndf6 11. Be1 Nxc3 12. bxc3 Ne4 13. Qb3 Qc7 14. Rb1 Rb8
15. Rb2 Bd7 16. Nxd7 Qxd7 17. cxd5 exd5 18. c4 Kh8 19. cxd5 cxd5 20. Bxe4 dxe4
21. Bb4 Bxb4 22. Qxb4 Rfc8 23. Rfb1 h6 24. a4 a6 25. a5 Rc7 26. h3 Rbc8 27. Kh2
Qd5 28. Qa3 Qf7 29. Qd6 Rc6 30. Qe5 R8c7 31. Rb6 Rxb6 32. Rxb6 Kh7 33. g4 g6
34. d5 Rc2+ 35. Kg3 Qc7 36. gxf5 1-0

[Event "4. Wittelsbacher Weihnachts-Schach-Open"]
[Site "Kelheim"]
[Date "2015.12.27"]
[Round "1.24"]
[White "Kaiser, Dominik"]
[Black "Seidenschwarz, Holger"]
[Result "0-1"]
[WhiteElo "1906"]
[BlackElo "2017"]
[PlyCount "42"]
[EventDate "2015.??.??"]
[WhiteTeam "TSV Kareth-Lappersdorf"]
[BlackTeam "SK Kelheim"]

1. e4 e5 2. d4 exd4 3. Nf3 Nc6 4. Bc4 Bc5 5. c3 Nf6 6. e5 d5 7. Bb5 Ne4 8. cxd4
Bb4+ 9. Nbd2 O-O 10. O-O Bg4 11. Qa4 Nxd2 12. Nxd2 Be7 13. Bxc6 bxc6 14. Qxc6
Rb8 15. Nb3 Rb6 16. Qc2 Rg6 17. Kh1 Qd7 18. Nc5 Bxc5 19. Qxc5 Bf3 20. Qc3 Bxg2+
21. Kg1 Bf3+ 0-1